[Event "9. LGA Premium Cup 2012"]
[Site "Nürnberg"]
[Date "2012.09.09"]
[Round "6.20"]
[White "Lanka, Zigurds"]
[Black "Höfelsauer, Thomas"]
[Result "1/2-1/2"]
[WhiteElo "2417"]
[BlackElo "2217"]
[PlyCount "72"]
[EventDate "2012.??.??"]
[WhiteTeam "TSV Schott Mainz"]
[BlackTeam "Schachklub München Südost e.V."]

1. e4 c6 2. d4 d5 3. exd5 cxd5 4. c4 Nf6 5. Nc3 e6 6. Nf3 Be7 7. cxd5 Nxd5 8.
Bd3 O-O 9. O-O Nc6 10. Re1 Nf6 11. a3 b6 12. Bc2 Bb7 13. Qd3 g6 14. Bh6 Re8 15.
h4 Bf8 16. Bg5 Be7 17. Rad1 Rc8 18. Bb3 Na5 19. Ba2 Nd5 20. Ne4 Nf6 21. Bxf6
Bxf6 22. b4 Bxe4 23. Rxe4 Nc6 24. d5 exd5 25. Bxd5 Rxe4 26. Qxe4 Kg7 27. Ng5
Rc7 28. b5 Ne5 29. f4 Ng4 30. f5 Bxg5 31. Qxg4 Be3+ 32. Kh2 Qf6 33. fxg6 hxg6
34. Bc6 Re7 35. g3 Bc5 36. Bg2 Bxa3 1/2-1/2

[Event "9. LGA Premium Cup 2012"]
[Site "Nürnberg"]
[Date "2012.09.09"]
[Round "6.22"]
[White "Mainka, Romuald"]
[Black "Koch, Moritz"]
[Result "0-1"]
[WhiteElo "2457"]
[BlackElo "2261"]
[PlyCount "78"]
[EventDate "2012.??.??"]
[WhiteTeam "Schachclub Hansa Dortmund e.V."]
[BlackTeam "SV Puschendorf 1949 e.V."]

1. e4 c5 2. Nf3 d6 3. d4 cxd4 4. Nxd4 Nf6 5. Nc3 a6 6. h3 g6 7. g4 Bg7 8. Bg2
O-O 9. Be3 Bd7 10. Qe2 Nc6 11. O-O-O Rc8 12. f4 Na5 13. Qe1 Nc4 14. Bf2 Qa5 15.
Rd3 Qb4 16. Nd1 Qxe1 17. Rxe1 e5 18. fxe5 Nxe5 19. Rb3 Be6 20. Nxe6 fxe6 21.
Kb1 b5 22. Be3 Nfd7 23. Bc1 Nc5 24. Rg3 Rf7 25. Ne3 h6 26. h4 Rf2 27. Rd1 Rc6
28. Rd2 Rf4 29. Re2 Nxe4 30. Rh3 Rf2 31. Rxf2 Nxf2 32. Rg3 Rc7 33. Bd2 d5 34.
Be1 Ne4 35. Bxe4 dxe4 36. Rg2 Nf3 37. Bg3 Rd7 38. Kc1 Bf6 39. Re2 Nxh4 0-1

[Event "9. LGA Premium Cup 2012"]
[Site "Nürnberg"]
[Date "2012.09.09"]
[Round "6.23"]
[White "Holzhäuer, Mathias"]
[Black "Pähtz, Thomas"]
[Result "1/2-1/2"]
[WhiteElo "2274"]
[BlackElo "2430"]
[PlyCount "69"]
[EventDate "2012.??.??"]
[WhiteTeam "SK Schmiden/Cannstatt"]
[BlackTeam "ESV Lok Sömmerda"]

1. e4 e5 2. Nf3 Nc6 3. Bb5 a6 4. Bxc6 dxc6 5. Nc3 f6 6. Ng1 Bc5 7. Nge2 Be6 8.
d3 h5 9. Be3 Bxe3 10. fxe3 Nh6 11. Qd2 Qe7 12. O-O-O O-O-O 13. Kb1 c5 14. Rhf1
Nf7 15. Ng3 h4 16. Nf5 Qf8 17. Qf2 h3 18. gxh3 Rxh3 19. Rg1 Ng5 20. Rg3 Rxg3
21. Qxg3 g6 22. Nh4 Qh6 23. Rf1 Rh8 24. Nf3 Qh3 25. Qxh3 Rxh3 26. Nxg5 fxg5 27.
Rf6 Rxh2 28. b3 Kd7 29. Rxg6 g4 30. Nd5 Bxd5 31. exd5 Rg2 32. Rg5 Kd6 33. Rg6+
Kd7 34. Rg7+ Kd6 35. Rg6+ 1/2-1/2

[Event "9. LGA Premium Cup 2012"]
[Site "Nürnberg"]
[Date "2012.09.09"]
[Round "6.24"]
[White "Lorscheid, Gerhard"]
[Black "Reich, Thomas"]
[Result "1/2-1/2"]
[WhiteElo "2254"]
[BlackElo "2382"]
[PlyCount "47"]
[EventDate "2012.??.??"]
[WhiteTeam "Stuttgarter SF 1879"]
[BlackTeam "FC Bayern München e.V."]

1. d4 Nf6 2. c4 g6 3. Nc3 Bg7 4. e4 O-O 5. Be2 d6 6. Nf3 c5 7. O-O cxd4 8. Nxd4
Nc6 9. Be3 Bd7 10. Qd2 Nxd4 11. Bxd4 a5 12. b3 Bc6 13. f3 Nd7 14. Be3 Nc5 15.
Rab1 h5 16. Rfc1 Bf6 17. Bf1 h4 18. h3 Re8 19. Rc2 Kg7 20. a3 b6 21. b4 axb4
22. axb4 Nd7 23. Nd5 Bxd5 24. cxd5 1/2-1/2

[Event "9. LGA Premium Cup 2012"]
[Site "Nürnberg"]
[Date "2012.09.09"]
[Round "6.25"]
[White "Kvetny, Mark"]
[Black "Grimberg, Boris"]
[Result "1/2-1/2"]
[WhiteElo "2245"]
[BlackElo "2365"]
[PlyCount "88"]
[EventDate "2012.??.??"]
[WhiteTeam "Stuttgarter SF 1879"]
[BlackTeam "SAbt TSV Haunstetten"]

1. d4 d5 2. c4 e5 3. dxe5 d4 4. Nf3 Nc6 5. Nbd2 Bg4 6. h3 Bf5 7. Nb3 Qd7 8. a3
O-O-O 9. e3 Be4 10. exd4 Bxf3 11. Qxf3 Nxd4 12. Nxd4 Qxd4 13. Be2 Qxe5 14. Qe3
Qxe3 15. Bxe3 a6 16. O-O Nf6 17. Bf3 Bd6 18. b4 Rhe8 19. Rad1 Be5 20. Rxd8+
Rxd8 21. Rd1 Rxd1+ 22. Bxd1 Ne4 23. Bc2 Nd6 24. c5 Nc4 25. Bc1 Kd7 26. Bb3 Bb2
27. Bxb2 Nxb2 28. Bd5 c6 29. Bxf7 a5 30. Kf1 axb4 31. axb4 Nd3 32. Ke2 Nxb4 33.
Ke3 Na6 34. Kd4 Ke7 35. Bg8 h6 36. f4 Kf6 37. g4 g5 38. f5 Nc7 39. Bc4 Na8 40.
Be6 b6 41. Bd7 bxc5+ 42. Kxc5 Nc7 43. Kxc6 Na6 44. Kb5 Nc7+ 1/2-1/2

[Event "9. LGA Premium Cup 2012"]
[Site "Nürnberg"]
[Date "2012.09.09"]
[Round "6.26"]
[White "Donchenko, Anatoly"]
[Black "Bartsch, Berthold"]
[Result "1-0"]
[WhiteElo "2364"]
[BlackElo "2249"]
[PlyCount "89"]
[EventDate "2012.??.??"]
[WhiteTeam "SK 1858 Gießen"]
[BlackTeam "SC Forchheim e.V."]

1. d4 Nf6 2. Nf3 d5 3. c4 e6 4. e3 Be7 5. Nbd2 O-O 6. Bd3 c5 7. dxc5 dxc4 8.
Bxc4 Nbd7 9. c6 bxc6 10. O-O Nb6 11. Be2 a5 12. Qc2 c5 13. Rd1 Qc7 14. b3 Ba6
15. Bxa6 Rxa6 16. Bb2 Nbd5 17. a4 Nb4 18. Qc3 Rd6 19. Nc4 Rxd1+ 20. Rxd1 h6 21.
h3 Ra8 22. Qc1 Qb7 23. Qb1 Nbd5 24. Ba1 Nd7 25. e4 N5f6 26. Nfd2 Nb8 27. e5 Nd5
28. Ne4 Nc6 29. Qd3 Rb8 30. Rb1 Ndb4 31. Qf3 Nc2 32. Bc3 N2d4 33. Qg4 Qc7 34.
Qd1 Rd8 35. Ned6 Qa7 36. Qe1 Rb8 37. Nxa5 Nxa5 38. Bxa5 Rxb3 39. Rxb3 Nxb3 40.
Nc4 Qd7 41. Nb2 Qd5 42. Bc3 Bg5 43. a5 c4 44. Qd1 Bd2 45. a6 1-0

[Event "9. LGA Premium Cup 2012"]
[Site "Nürnberg"]
[Date "2012.09.09"]
[Round "6.27"]
[White "Göbel, Constantin"]
[Black "Köpke, Christian"]
[Result "1-0"]
[WhiteElo "2231"]
[BlackElo "2364"]
[PlyCount "65"]
[EventDate "2012.??.??"]
[WhiteTeam "TSV Schott Mainz"]
[BlackTeam "SC Garching 1980 e.V."]

1. e4 c5 2. Nf3 d6 3. d4 cxd4 4. Nxd4 Nf6 5. Nc3 g6 6. Be3 Bg7 7. f3 O-O 8. Qd2
Nc6 9. g4 Be6 10. Nxe6 fxe6 11. O-O-O Ne5 12. Be2 Qc8 13. g5 Nh5 14. Rhf1 a6
15. Bd4 Nf4 16. Kb1 b5 17. a3 Rb8 18. Na2 a5 19. Be3 Nc4 20. Bxc4 bxc4 21. Bd4
Bxd4 22. Qxd4 Ne2 23. Qa7 Qc6 24. Qxa5 Rb5 25. Qa7 c3 26. b3 Ra8 27. Qxe7 Rxb3+
28. cxb3 c2+ 29. Kb2 cxd1=N+ 30. Rxd1 Rc8 31. Qxe6+ Kh8 32. Rd2 Ng1 33. h4 1-0

[Event "9. LGA Premium Cup 2012"]
[Site "Nürnberg"]
[Date "2012.09.09"]
[Round "6.29"]
[White "Klundt, Klaus"]
[Black "Kahlert, Thomas"]
[Result "1-0"]
[WhiteElo "2347"]
[BlackElo "2229"]
[PlyCount "149"]
[EventDate "2012.??.??"]
[WhiteTeam "SC Heusenstamm"]
[BlackTeam "SK Norderstedt von 1975"]

1. e4 e5 2. Nf3 Nc6 3. Bb5 a6 4. Ba4 Nf6 5. O-O Be7 6. Re1 b5 7. Bb3 O-O 8. d3
d6 9. c3 Na5 10. Bc2 c5 11. Nbd2 Qc7 12. Nf1 Nc6 13. a4 Be6 14. Ng5 Bd7 15. f4
h6 16. Nf3 exf4 17. Bxf4 Ne5 18. Ne3 Ng6 19. Bg3 Rfe8 20. Nh4 Nxh4 21. Bxh4 Be6
22. Qf3 Nh7 23. Bxe7 Qxe7 24. Nf5 Bxf5 25. Qxf5 Qe6 26. Rf1 Nf6 27. Qf3 b4 28.
Qf5 bxc3 29. bxc3 Rab8 30. Qxe6 fxe6 31. Rab1 Kf7 32. a5 Ke7 33. d4 Rec8 34.
Bd3 c4 35. Rxb8 Rxb8 36. Bxc4 Nxe4 37. Bxa6 Nxc3 38. Ra1 Kd7 39. Bd3 Rb7 40. a6
Ra7 41. Rc1 Nd5 42. Bb5+ Ke7 43. Kf2 Nc7 44. Bd3 Kd7 45. Kf3 Nd5 46. Bb5+ Ke7
47. Rc6 Nc7 48. Bd3 Kd7 49. Rc1 Nd5 50. h4 Nb4 51. Bb5+ Ke7 52. Kg4 Nd5 53. g3
Ne3+ 54. Kf4 Nd5+ 55. Kf3 Nc7 56. Bd3 Nd5 57. g4 Nb4 58. Be2 d5 59. Ke3 Kd6 60.
Rb1 Nc6 61. Bb5 g5 62. Rc1 Ne7 63. h5 Ng8 64. Rf1 Ke7 65. Be2 Nf6 66. Rb1 Nd7
67. Bb5 Nf6 68. Be2 Nd7 69. Rc1 Kd6 70. Bb5 Nf6 71. Rc6+ Ke7 72. Rb6 Rc7 73.
Bc6 Nxg4+ 74. Kf3 Nf6 75. Rb7 1-0

[Event "9. LGA Premium Cup 2012"]
[Site "Nürnberg"]
[Date "2012.09.09"]
[Round "6.30"]
[White "Wulfmeyer, Johannes"]
[Black "Hilverda, Alexander"]
[Result "0-1"]
[WhiteElo "2226"]
[BlackElo "2333"]
[PlyCount "109"]
[EventDate "2012.??.??"]
[WhiteTeam "SC Noris-Tarrasch Nürnberg 1873"]
[BlackTeam "SC Erlangen 48/88 e.V."]

1. c4 Nf6 2. Nc3 c6 3. e4 d6 4. g3 g6 5. Bg2 Bg7 6. Nge2 O-O 7. O-O a6 8. Rb1
Be6 9. b3 b5 10. d3 Qc8 11. Re1 Bh3 12. Bh1 e5 13. Bb2 Nh5 14. Bg2 Be6 15. d4
Bd7 16. Qd2 Re8 17. Rbc1 Qd8 18. cxb5 axb5 19. a4 exd4 20. Nxd4 Qb6 21. Nde2
bxa4 22. bxa4 Na6 23. Rb1 Rad8 24. Red1 Be6 25. Nd4 Bg4 26. f3 Be6 27. Qf2 Bc4
28. Bf1 Bxf1 29. Kxf1 Nc5 30. Kg2 Qc7 31. Qc2 Nf6 32. Nb3 Nxb3 33. Qxb3 Nd7 34.
Ne2 Nc5 35. Qc2 Bxb2 36. Rxb2 Ra8 37. Rd4 Red8 38. Qd1 Ne6 39. Rc4 Qd7 40. Nd4
d5 41. Rcb4 dxe4 42. Rd2 c5 43. Nb3 Qxd2+ 44. Nxd2 cxb4 45. fxe4 b3 46. Qe2 Nc5
47. Qe3 b2 48. Nb1 Nxa4 49. e5 Re8 50. h4 Ra5 51. Qb3 Rexe5 52. Na3 h5 53. Kh2
Rf5 54. Qd3 Kh7 55. Nc4 0-1

[Event "9. LGA Premium Cup 2012"]
[Site "Nürnberg"]
[Date "2012.09.09"]
[Round "6.31"]
[White "Espig, Lutz"]
[Black "Mader, Manuela"]
[Result "1/2-1/2"]
[WhiteElo "2329"]
[BlackElo "2222"]
[PlyCount "64"]
[EventDate "2012.??.??"]
[WhiteTeam "Schachklub König Plauen"]
[BlackTeam "SK 1926 Ettlingen"]

1. d4 Nf6 2. g3 g6 3. Bg2 Bg7 4. e4 d6 5. Nc3 O-O 6. Nge2 e5 7. h3 Re8 8. O-O
Nc6 9. Be3 exd4 10. Nxd4 Nxd4 11. Bxd4 Bd7 12. Re1 Bc6 13. Qd3 Nd7 14. Bxg7
Kxg7 15. f4 Qf6 16. Rad1 Rad8 17. b4 a6 18. a4 Nb6 19. a5 Na4 20. Nxa4 Bxa4 21.
Ra1 Bd7 22. Rad1 h5 23. Qd4 Qxd4+ 24. Rxd4 Bc6 25. Red1 Rb8 26. c4 b6 27. Ra1
bxa5 28. Rxa5 Rxb4 29. Rxa6 Bb5 30. Ra7 Rxc4 31. Rxc4 Bxc4 32. Rxc7 Bd3 1/2-1/2

[Event "9. LGA Premium Cup 2012"]
[Site "Nürnberg"]
[Date "2012.09.09"]
[Round "6.32"]
[White "Seyb, Alexander"]
[Black "Welz, Thomas"]
[Result "1-0"]
[WhiteElo "2313"]
[BlackElo "2204"]
[PlyCount "123"]
[EventDate "2012.??.??"]
[WhiteTeam "SC Forchheim e.V."]
[BlackTeam "SC Eppingen"]

1. e4 Nc6 2. Nf3 d6 3. d4 g6 4. h3 Bg7 5. Bc4 e6 6. O-O Nge7 7. c3 h6 8. Re1
O-O 9. Nbd2 a6 10. a4 Na5 11. Be2 c5 12. dxc5 dxc5 13. Nb3 Nxb3 14. Qxb3 Qc7
15. a5 Bd7 16. Be3 Rac8 17. Nd2 Rfd8 18. Nc4 Bf8 19. Nb6 Rb8 20. Red1 Be8 21.
Qa3 Rxd1+ 22. Rxd1 Nc8 23. Qb3 Na7 24. g3 Rd8 25. Bf4 Rxd1+ 26. Qxd1 Qe7 27.
Kg2 g5 28. Be3 Nc6 29. Qa1 Qc7 30. f4 Be7 31. Bf3 Nb8 32. Nc4 Bb5 33. Nd2 Bc6
34. Kf2 Nd7 35. Qa3 Kf8 36. e5 Bxf3 37. Nxf3 gxf4 38. Bxf4 h5 39. Qa4 c4 40.
Kg2 Kg7 41. Nd2 Nf8 42. Nxc4 Ng6 43. Nd6 Qc5 44. Qd4 Qc6+ 45. Qe4 Bxd6 46. Qxc6
bxc6 47. exd6 Kf8 48. b4 Ke8 49. c4 Nf8 50. Kf3 Kd7 51. c5 Ng6 52. g4 hxg4+ 53.
Kxg4 f6 54. Bg3 Nh8 55. h4 Nf7 56. Kh5 e5 57. Kg6 Ke6 58. h5 f5 59. h6 f4 60.
Bf2 e4 61. h7 e3 62. Bg1 1-0

[Event "9. LGA Premium Cup 2012"]
[Site "Nürnberg"]
[Date "2012.09.09"]
[Round "6.34"]
[White "Bauer, Andreas"]
[Black "Hirschberg, Valerian"]
[Result "0-1"]
[WhiteElo "2195"]
[BlackElo "2292"]
[PlyCount "192"]
[EventDate "2012.??.??"]
[WhiteTeam "SC Postbauer-Heng e.V"]
[BlackTeam "Karlsruher SF 1853"]

1. c4 c5 2. g3 Nf6 3. Bg2 d5 4. cxd5 Nxd5 5. Nc3 Nc7 6. Nf3 Nc6 7. O-O e5 8. d3
Be7 9. Be3 Be6 10. Rc1 f6 11. a3 Qd7 12. Ne4 b6 13. b4 cxb4 14. axb4 Nd5 15. b5
Ncb4 16. Bd2 Qxb5 17. d4 O-O 18. dxe5 fxe5 19. Nxe5 Rad8 20. Bxb4 Nxb4 21. Nd3
Nxd3 22. exd3 Qxd3 23. Qxd3 Rxd3 24. Rc7 Rd7 25. Rfc1 Rfd8 26. h4 h6 27. Rxd7
Rxd7 28. f4 Kf7 29. Kf2 b5 30. Ke3 b4 31. f5 Ba2 32. Bf3 b3 33. Rc8 Bd8 34.
Bh5+ Ke7 35. Rb8 Bb6+ 36. Ke2 Rd8 37. Rb7+ Rd7 38. Rb8 Rd4 39. f6+ gxf6 40.
Re8+ Kd7 41. Nxf6+ Kc6 42. Bf7 Kc5 43. g4 Kb4 44. Nd5+ Ka3 45. Nxb6 axb6 46. g5
hxg5 47. hxg5 Rg4 48. g6 Bb1 49. Kf3 Rg1 50. Kf2 Rg5 51. Ra8+ Kb2 52. Rb8 b5
53. g7 Rxg7 54. Bxb3 Kxb3 55. Rxb5+ Kc2 56. Ke3 Ba2 57. Rc5+ Kb3 58. Kd4 Rg4+
59. Ke5 Kb4 60. Rc2 Bc4 61. Rc1 Rg8 62. Kd4 Rd8+ 63. Ke4 Kc5 64. Ke5 Re8+ 65.
Kf6 Re4 66. Kf5 Re2 67. Rd1 Bd5 68. Ra1 Be6+ 69. Kf6 Ba2 70. Rd1 Bb3 71. Rd3
Bd5 72. Ra3 Kd6 73. Ra6+ Bc6 74. Kg5 Rf2 75. Kg4 Kd5 76. Kg5 Bd7 77. Rf6 Rg2+
78. Kf4 Rg4+ 79. Kf3 Ke5 80. Rf7 Be6 81. Re7 Ra4 82. Ke3 Ra3+ 83. Kd2 Kd6 84.
Re8 Bd5 85. Rh8 Ke5 86. Rh4 Be4 87. Rh8 Kd4 88. Rd8+ Bd5 89. Rd7 Ra2+ 90. Ke1
Ke4 91. Re7+ Kf3 92. Rd7 Be4 93. Kd1 Ke3 94. Kc1 Rc2+ 95. Kd1 Rc8 96. Ra7 Bf3+
0-1

[Event "9. LGA Premium Cup 2012"]
[Site "Nürnberg"]
[Date "2012.09.09"]
[Round "6.35"]
[White "Troyke, Christian"]
[Black "Carow, Annelen"]
[Result "1-0"]
[WhiteElo "2353"]
[BlackElo "1968"]
[PlyCount "77"]
[EventDate "2012.??.??"]
[WhiteTeam "Erfurter Schachklub"]
[BlackTeam "Sfr.Heidesheim"]

1. g3 c5 2. Bg2 Nc6 3. c4 g6 4. Nc3 Bg7 5. Nf3 e6 6. d3 Nge7 7. Bg5 h6 8. Bd2
O-O 9. Qc1 Kh7 10. h4 b6 11. h5 g5 12. Bxg5 hxg5 13. Nxg5+ Kh8 14. Nce4 Nf5 15.
h6 Bf6 16. Nh3 Bb7 17. Nf4 Be5 18. Qd2 Rb8 19. O-O-O d5 20. cxd5 exd5 21. Nc3
Nb4 22. Rh5 d4 23. Bxb7 Rxb7 24. Ne4 Qd7 25. g4 Ne3 26. Rxe5 Nxd1 27. Rf5 Rbb8
28. Qxd1 Nxa2+ 29. Kb1 Nb4 30. Nf6 Qb7 31. g5 Rg8 32. Nxg8 Rxg8 33. e4 dxe3 34.
fxe3 Qd7 35. e4 a5 36. Nd5 Nxd5 37. Rxd5 Qe7 38. Qd2 Kh7 39. Qf4 1-0

[Event "9. LGA Premium Cup 2012"]
[Site "Nürnberg"]
[Date "2012.09.09"]
[Round "6.36"]
[White "Holzmayr, Norbert"]
[Black "Schellmann, Frank"]
[Result "0-1"]
[WhiteElo "1823"]
[BlackElo "2120"]
[PlyCount "80"]
[EventDate "2012.??.??"]
[WhiteTeam "SV Ilmmünster"]
[BlackTeam "Deutscher Blinden- und Sehbehind"]

1. d4 f5 2. Bg5 g6 3. e3 Bg7 4. h4 h6 5. Bf4 Nf6 6. Nf3 d6 7. Nc3 e6 8. Qd3 O-O
9. Be2 Nc6 10. a3 Qe8 11. g3 e5 12. dxe5 dxe5 13. Nd5 Nxd5 14. Bxh6 Bxh6 15.
Qxd5+ Be6 16. Qb5 a6 17. Qc5 Qe7 18. Qxe7 Nxe7 19. Nxe5 Bg7 20. Nd3 Bf7 21. g4
Rad8 22. g5 Nc6 23. O-O-O Rfe8 24. h5 gxh5 25. Nf4 Rxd1+ 26. Kxd1 Bxb2 27. g6
Ba2 28. Rxh5 Rd8+ 29. Ke1 Be5 30. Rxf5 Bxf4 31. Rxf4 Rd6 32. Rg4 Ne5 33. Rb4 b5
34. a4 c6 35. axb5 cxb5 36. Bf1 Nxg6 37. c4 Bxc4 38. Bxc4+ bxc4 39. Rxc4 Kg7
40. Ke2 Kf6 0-1

[Event "9. LGA Premium Cup 2012"]
[Site "Nürnberg"]
[Date "2012.09.09"]
[Round "6.37"]
[White "Seibold, Hubert"]
[Black "Eisenbeiser, Amadeus"]
[Result "1-0"]
[WhiteElo "2195"]
[BlackElo "2378"]
[PlyCount "86"]
[EventDate "2012.??.??"]
[WhiteTeam "SK Zirndorf e.V."]
[BlackTeam "BG Buchen"]

1. e4 c5 2. Nf3 e6 3. d4 cxd4 4. Nxd4 a6 5. Nc3 Qc7 6. Be3 Nf6 7. Bd3 Bd6 8. h3
Nc6 9. Nxc6 dxc6 10. a4 a5 11. O-O e5 12. Bc4 O-O 13. Qe2 Bb4 14. Bg5 Nd7 15.
Nd1 h6 16. Be3 Bc5 17. b3 Qd6 18. Nc3 Bd4 19. Rad1 Qc5 20. Na2 Nb6 21. Bxd4
exd4 22. Bd3 Re8 23. Qd2 Be6 24. f4 f6 25. Nc1 Bf7 26. Qf2 Rad8 27. Ne2 Nc8 28.
c3 Bxb3 29. cxd4 Qe7 30. Rb1 Bf7 31. Qe1 Qa3 32. Qd1 Bg6 33. Rf3 Qe7 34. Qb3+
Kf8 35. f5 Bf7 36. Qxb7 Qxb7 37. Rxb7 Nd6 38. Ra7 Nxe4 39. Rxa5 Nd2 40. Rf2 Nb3
41. Ra7 Re3 42. Nf4 Rxd4 43. Bc2 c5 1-0

[Event "9. LGA Premium Cup 2012"]
[Site "Nürnberg"]
[Date "2012.09.09"]
[Round "6.40"]
[White "Zier, Oliver"]
[Black "Siedentopf, Daniel"]
[Result "0-1"]
[WhiteElo "2154"]
[BlackElo "2310"]
[PlyCount "34"]
[EventDate "2012.??.??"]
[WhiteTeam "TSV Bindlach Aktionär-Schachabte"]
[BlackTeam "SG Grün-Weiß Dresden"]

1. d4 d5 2. c4 e6 3. Nc3 Nf6 4. cxd5 exd5 5. Bg5 Nbd7 6. e3 c6 7. Qc2 Be7 8.
Bd3 O-O 9. Nge2 Re8 10. h3 a5 11. g4 h6 12. Bf4 b5 13. Nxb5 cxb5 14. Bc7 Bb4+
15. Kf1 Qe7 16. a3 Bd6 17. Qc6 Ra6 0-1

[Event "9. LGA Premium Cup 2012"]
[Site "Nürnberg"]
[Date "2012.09.09"]
[Round "6.41"]
[White "Lodes, Hermann"]
[Black "Nuber, Korbinian"]
[Result "1/2-1/2"]
[WhiteElo "2132"]
[BlackElo "2302"]
[PlyCount "36"]
[EventDate "2012.??.??"]
[WhiteTeam "SF Burgsinn"]
[BlackTeam "SC Dillingen"]

1. d4 d5 2. c4 c6 3. Nc3 Nf6 4. Nf3 e6 5. cxd5 exd5 6. Qc2 Bd6 7. Bg5 Qe7 8.
Nxd5 Qd8 9. Nxf6+ gxf6 10. Bd2 Be6 11. g3 Na6 12. a3 Qd7 13. Bc3 O-O-O 14. e4
Bc7 15. O-O-O Bg4 16. Rd3 Bb6 17. Nd2 f5 18. f3 fxe4 1/2-1/2

[Event "9. LGA Premium Cup 2012"]
[Site "Nürnberg"]
[Date "2012.09.09"]
[Round "6.42"]
[White "Nuber, Helene"]
[Black "Maier, Alexander"]
[Result "0-1"]
[WhiteElo "2060"]
[BlackElo "2303"]
[PlyCount "111"]
[EventDate "2012.??.??"]
[WhiteTeam "SC Dillingen"]
[BlackTeam "SK Ingolstadt"]

1. e4 g6 2. d4 Bg7 3. Nc3 c6 4. Nf3 d5 5. h3 dxe4 6. Nxe4 Bf5 7. Ng3 Be6 8. c3
Bd5 9. Be2 Nf6 10. Bf4 Nbd7 11. O-O Bxf3 12. Bxf3 Nd5 13. Bd2 N5b6 14. Bf4 O-O
15. Re1 Re8 16. Ne4 Nd5 17. Bg3 Qb6 18. Qb3 a5 19. Nc5 Nxc5 20. dxc5 Qxc5 21.
Bxd5 cxd5 22. Rad1 Red8 23. Qxb7 Ra7 24. Qb3 a4 25. Qc2 a3 26. Be5 axb2 27.
Bxg7 Kxg7 28. Qxb2 Kg8 29. Qb4 Qc7 30. a4 e6 31. Ra1 Ra5 32. Ra3 Rda8 33. Rea1
e5 34. Rb1 Kg7 35. Kf1 R8a6 36. Ke2 Qa7 37. Qb3 Rxa4 38. Rxa4 Rxa4 39. Qxd5
Ra2+ 40. Kd3 Qa6+ 41. Rb5 Rxf2 42. Qxe5+ Qf6 43. Qxf6+ Kxf6 44. Ke3 Rxg2 45.
Kf3 Rc2 46. Rc5 h6 47. h4 Rc1 48. Rc8 Rf1+ 49. Kg2 Rf5 50. Kg3 Rd5 51. Kf4 Rf5+
52. Kg4 Ke6 53. Rc4 Kd6 54. Rd4+ Kc5 55. Rd7 h5+ 56. Kg3 0-1

[Event "9. LGA Premium Cup 2012"]
[Site "Nürnberg"]
[Date "2012.09.09"]
[Round "6.43"]
[White "Afek, Yochanan"]
[Black "Liepold, Stefan"]
[Result "1-0"]
[WhiteElo "2301"]
[BlackElo "2161"]
[PlyCount "80"]
[EventDate "2012.??.??"]
[WhiteTeam "Schachverein Castrop-Rauxel 1923"]
[BlackTeam "SC Erlangen 48/88 e.V."]

1. e4 e6 2. d4 d5 3. e5 c5 4. c3 Qb6 5. a3 Nc6 6. Nf3 Nh6 7. Bd3 cxd4 8. cxd4
Bd7 9. Bc2 Nf5 10. Bxf5 exf5 11. Nc3 Be6 12. b4 Rc8 13. Qd3 Be7 14. O-O O-O 15.
Ne2 h6 16. Ng3 a6 17. Be3 Qb5 18. Qb1 a5 19. Nxf5 Bxf5 20. Qxf5 axb4 21. axb4
Nxb4 22. Rab1 Qa6 23. Bd2 Rc4 24. Qd7 Qe6 25. Qxb7 Nc6 26. Qb2 Qf5 27. Be3 Rb8
28. Qa2 Rxb1 29. Qxb1 Qxb1 30. Rxb1 Bb4 31. Kf1 g5 32. h3 Kg7 33. Ke2 Kg6 34.
Rb3 Ba5 35. Rb5 Rc2+ 36. Kd1 Ra2 37. Rxd5 Ra1+ 38. Ke2 Ra2+ 39. Bd2 Kf5 40. Rd6
Ke4 1-0

[Event "9. LGA Premium Cup 2012"]
[Site "Nürnberg"]
[Date "2012.09.09"]
[Round "6.44"]
[White "Menacher, Manfred"]
[Black "Krauß, Josef"]
[Result "1/2-1/2"]
[WhiteElo "2288"]
[BlackElo "2125"]
[PlyCount "25"]
[EventDate "2012.??.??"]
[WhiteTeam "TSV Wacker Neutraubling"]
[BlackTeam "Schachklub Schweinfurt 2000 e.V."]

1. d4 d5 2. c4 c6 3. Nc3 Nf6 4. cxd5 cxd5 5. Bf4 Nc6 6. e3 a6 7. Bd3 Bg4 8.
Nge2 e6 9. Qb3 Nb4 10. Bb1 Bxe2 11. Kxe2 Bd6 12. a3 Nc6 13. Bg5 1/2-1/2

[Event "9. LGA Premium Cup 2012"]
[Site "Nürnberg"]
[Date "2012.09.09"]
[Round "6.45"]
[White "Löw, Gerald"]
[Black "Wolter, Jens"]
[Result "1-0"]
[WhiteElo "2270"]
[BlackElo "2102"]
[PlyCount "47"]
[EventDate "2012.??.??"]
[WhiteTeam "TSV Bindlach Aktionär-Schachabte"]
[BlackTeam "SC Garching 1980 e.V."]

1. c4 e6 2. g3 d5 3. Bg2 Nf6 4. Nf3 Be7 5. O-O O-O 6. Qc2 c6 7. d4 Nbd7 8. Nbd2
Bd6 9. e4 dxe4 10. Nxe4 Nxe4 11. Qxe4 Nf6 12. Qc2 c5 13. Rd1 Qe7 14. dxc5 Bxc5
15. Ne5 Bd6 16. Bf4 Ne8 17. Qd3 Bc7 18. Nd7 Qxd7 19. Qxd7 Bxd7 20. Rxd7 Bxf4
21. gxf4 Rc8 22. b3 b6 23. Rxa7 Nf6 24. Rd1 1-0

[Event "9. LGA Premium Cup 2012"]
[Site "Nürnberg"]
[Date "2012.09.09"]
[Round "6.46"]
[White "Schatz, Christian"]
[Black "Klyszcz, Michael"]
[Result "1-0"]
[WhiteElo "2222"]
[BlackElo "2023"]
[PlyCount "77"]
[EventDate "2012.??.??"]
[WhiteTeam "Schachzentrum Fürth 2002"]
[BlackTeam "SG 1871 Löberitz"]

1. Nf3 f5 2. g3 Nf6 3. Bg2 e6 4. O-O Be7 5. d3 O-O 6. Nbd2 d6 7. e4 e5 8. exf5
Nc6 9. c3 Kh8 10. d4 e4 11. Ng5 Bxf5 12. Ndxe4 Nxe4 13. Nxe4 Qe8 14. Be3 Qg6
15. f3 h5 16. Nf2 Rae8 17. Qb3 Nd8 18. Rae1 h4 19. g4 Bc2 20. Qd5 c6 21. Qh5+
Qxh5 22. gxh5 h3 23. Bxh3 Bh4 24. Kg2 Nf7 25. Bd2 Ng5 26. Bg4 d5 27. Rxe8 Rxe8
28. Re1 Rxe1 29. Bxe1 Nf7 30. Bd2 Nd6 31. Bc1 Kh7 32. Nh3 Bb1 33. a3 Nf5 34.
Ng5+ Kg8 35. Ne6 Kf7 36. Nc5 b6 37. Nd7 Ke7 38. Ne5 c5 39. Ng6+ 1-0

[Event "9. LGA Premium Cup 2012"]
[Site "Nürnberg"]
[Date "2012.09.09"]
[Round "6.47"]
[White "Carow, Johannes"]
[Black "Troyke, Doreen"]
[Result "1/2-1/2"]
[WhiteElo "2245"]
[BlackElo "2100"]
[PlyCount "87"]
[EventDate "2012.??.??"]
[WhiteTeam "Sfr.Heidesheim"]
[BlackTeam "Erfurter Schachklub"]

1. d4 d5 2. c4 dxc4 3. Nf3 a6 4. e3 Nf6 5. Bxc4 e6 6. O-O c5 7. a4 Nc6 8. Qe2
cxd4 9. Rd1 Be7 10. exd4 O-O 11. Nc3 Nd5 12. Bb3 b6 13. Qe4 Ncb4 14. Qg4 Re8
15. Ng5 h6 16. Nf3 Nf6 17. Qg3 Kh8 18. Ne5 Rf8 19. Qf3 Ra7 20. Be3 Bb7 21. Qh3
Bd6 22. Nc4 Bd5 23. Nxd5 exd5 24. Ne5 Qc8 25. Qxc8 Rxc8 26. Rac1 Rxc1 27. Rxc1
Kh7 28. Bd2 Re7 29. Kf1 a5 30. Nf3 g6 31. Bc3 Kg7 32. Ne5 h5 33. f3 Rc7 34. Re1
Re7 35. g3 Rc7 36. h3 Kf8 37. g4 hxg4 38. hxg4 Kg7 39. Rd1 Re7 40. Kg2 Re8 41.
Rf1 Rh8 42. Bd1 Re8 43. Rh1 Na2 44. Re1 1/2-1/2

[Event "9. LGA Premium Cup 2012"]
[Site "Nürnberg"]
[Date "2012.09.09"]
[Round "6.50"]
[White "Porth, Hartmut"]
[Black "Baskin, Robert"]
[Result "1-0"]
[WhiteElo "2229"]
[BlackElo "2070"]
[PlyCount "71"]
[EventDate "2012.??.??"]
[WhiteTeam "SV Bargteheide"]
[BlackTeam "SAbt TuS Makkabi Ffm"]

1. e4 c5 2. d3 Nc6 3. f4 g6 4. Nf3 Bg7 5. c3 d6 6. g3 e6 7. Bg2 Nge7 8. O-O O-O
9. Be3 b6 10. Bf2 Ba6 11. Re1 Qc7 12. Na3 Rac8 13. Nc2 Qb8 14. Ne3 e5 15. f5
gxf5 16. Nxf5 Nxf5 17. exf5 d5 18. Ng5 h6 19. Nh3 Qd6 20. g4 Ne7 21. Bh4 Bf6
22. Bg3 Rcd8 23. Qd2 Bg7 24. Bh4 f6 25. Rad1 h5 26. Bf3 Bc8 27. Qf2 Kh8 28. Kh1
hxg4 29. Bxg4 Bh6 30. d4 cxd4 31. cxd4 e4 32. Bg3 Qd7 33. Bf4 Rg8 34. Qh4 Rxg4
35. Qxh6+ Kg8 36. Rg1 1-0

[Event "9. LGA Premium Cup 2012"]
[Site "Nürnberg"]
[Date "2012.09.09"]
[Round "6.51"]
[White "Frey, Alisa"]
[Black "Zimmermann, Ulrich"]
[Result "0-1"]
[WhiteElo "2005"]
[BlackElo "2219"]
[PlyCount "72"]
[EventDate "2012.??.??"]
[WhiteTeam "SC Eppingen"]
[BlackTeam "SK Bebenhausen 1992"]

1. e4 e6 2. d4 d5 3. Nc3 Bb4 4. e5 c5 5. a3 Bxc3+ 6. bxc3 Qa5 7. Bd2 Qa4 8. Bd3
Nc6 9. Be3 Bd7 10. Nf3 c4 11. Be2 O-O-O 12. O-O f6 13. Qb1 Nge7 14. Qb2 Be8 15.
Rab1 b6 16. Nh4 fxe5 17. dxe5 h6 18. f4 Rg8 19. f5 exf5 20. Nxf5 Nxf5 21. Rxf5
Bd7 22. Bg4 Qa5 23. e6 Bxe6 24. Rf6 gxf6 25. Bxe6+ Kb7 26. Bxg8 Rxg8 27. Rf1
Rg6 28. Rf5 Ne7 29. Rh5 Qa4 30. Qb4 Qd7 31. Rxh6 Qe6 32. Rh7 Qxe3+ 33. Kf1 Qc1+
34. Kf2 Qd2+ 35. Kf3 Qxg2+ 36. Ke3 Qe4+ 0-1